000 03499nam a2201009 i 4500
001 nkc20243640240
003 CZ PrSKC
005 20260415124533.0
007 ta
008 241031s2024 xr ac e 001 1ccze
015 _acnb003640240
020 _a9788074852978
_q(brožováno) :
_cKč 450,00
035 _a(OCoLC)1477950763
040 _aBOA001
_bcze
_dABA001
_erda
043 _ae-xr---
_be-xr-jm
_2czenas
045 _ax-y-
072 7 _a78
_xHudba
_2Konspekt
080 _a78:640.46
_2MRF
080 _a78.071.1/.2
_2MRF
080 _a78.071.1/.2-055.2
_2MRF
080 _a785.16.071
_2MRF
080 _a78-027.22
_2MRF
080 _a78.04/.06
_2MRF
080 _a(437.322)
_2MRF
080 _a(047.53)
_2MRF
100 1 _aBáňová Šišperová, Iva,
_d1986-
_4aut
245 1 0 _aA děly se tam věci :
_brozhovory o brněnských hudebních klubech /
_cIva Báňová Šišperová, Zbyněk Hanko
250 _aPrvní vydání
264 1 _aBrno :
_bBooks & Pipes,
_c2024
300 _a198 stran :
_bilustrace (převážně barevné), portréty ;
_c24 cm
336 _atext
_btxt
_2rdacontent
336 _astatický obraz
_bsti
_2rdacontent
337 _abez média
_bn
_2rdamedia
338 _asvazek
_bnc
_2rdacarrier
500 _aObsahuje rejstřík
520 2 _aRozhovory s hudebníky, pořadateli, dramaturgy, promotéry a dalšími osobnostmi z brněnského klubového prostředí.
_bBezmála dvacet rozhovorů vznikalo mezi lety 2020 a 2023. Většina z nich je z roku 2020, takže kniha je zároveň svědectvím o dopadu covidové pandemie na fungování brněnského klubového života. Řeč přijde na kluby jako Fléda, Kabinet MÚZ, Melodka, Mersey, Alterna, Ponava, Music Lab a další.
648 7 _a20.-21. století
_2czenas
650 0 7 _ahudební kluby
_zČesko
_y20.-21. století
_2czenas
650 0 7 _ahudebníci
_zČesko
_y20.-21. století
_2czenas
650 0 7 _ahudebnice
_zČesko
_y20.-21. století
_2czenas
650 0 7 _ahudební skupiny
_zČesko
_y20.-21. století
_2czenas
650 0 7 _ahudební život
_zČesko
_y20.-21. století
_2czenas
650 0 7 _ahudba a společnost
_zČesko
_y20.-21. století
_2czenas
650 0 9 _amusic clubs
_zCzechia
_y20th-21st centuries
_2eczenas
650 0 9 _amusicians
_zCzechia
_y20th-21st centuries
_2eczenas
650 0 9 _awomen musicians
_zCzechia
_y20th-21st centuries
_2eczenas
650 0 9 _amusical groups
_zCzechia
_y20th-21st centuries
_2eczenas
650 0 9 _amusical life
_zCzechia
_y20th-21st centuries
_2eczenas
650 0 9 _amusic and society
_zCzechia
_y20th-21st centuries
_2eczenas
651 7 _aBrno (Česko)
_2czenas
651 9 _aBrno (Czechia)
_2eczenas
655 7 _arozhovory
_2czenas
655 9 _ainterviews
_2eczenas
700 1 _aHanko, Zbyněk,
_d1985-
_4aut
900 _b19
910 _aABA001
910 _aABA010
910 _aABB060
910 _aABD001
910 _aABE301
910 _aABE304
910 _aABG001
910 _aBOA001
910 _aBOD001
910 _aBOD009
910 _aBOD031
910 _aBOG001
910 _aCBA001
910 _aHBG001
910 _aHKA001
910 _aHOG001
910 _aKAG503
910 _aKLG001
910 _aKVG001
910 _aLIA001
910 _aOLA001
910 _aOLD012
910 _aOLG001
910 _aOSA001
910 _aPAG001
910 _aPEG001
910 _aPNA001
910 _aULG001
910 _aVYG001
910 _aZLG001
942 _2ddc
_cKNIHA
_n0
999 _c1869
_d1869